000 00359nam a22001217a 4500
040 _cKitabistan Publishing Co.
082 _a491.439
_bQ95 K
100 _aBashir A. Qureshi
_933261
245 _aKitabistan's Twentieth Century Stanard Dictionary
_bUrdu into English
260 _aLahore
_bKitabistan Publishing Co.
300 _aviii, 688p.
942 _2ddc
_cBK
999 _c614666
_d614666